<?xml version="1.0" encoding="UTF-8"?>
<record
    xmlns:xsi="http://www.w3.org/2001/XMLSchema-instance"
    xsi:schemaLocation="http://www.loc.gov/MARC21/slim http://www.loc.gov/standards/marcxml/schema/MARC21slim.xsd"
    xmlns="http://www.loc.gov/MARC21/slim">

  <leader>02465    a2200229   4500</leader>
  <controlfield tag="001">41714</controlfield>
  <controlfield tag="005">20260407155709.0</controlfield>
  <controlfield tag="008">260407a1967    arg                 spa d</controlfield>
  <controlfield tag="003">AR-UNSa-BCEJYS</controlfield>
  <datafield tag="040" ind1=" " ind2=" ">
    <subfield code="a">AR-UNSa-BCEJYS</subfield>
    <subfield code="b">spa</subfield>
    <subfield code="c">AR-UNSa-BCEJYS</subfield>
  </datafield>
  <datafield tag="080" ind1=" " ind2=" ">
    <subfield code="a">339.9</subfield>
    <subfield code="x">Econom&#xED;a internacional en general. Relaciones econ&#xF3;micas internacionales. Econom&#xED;a mundial </subfield>
  </datafield>
  <datafield tag="245" ind1="1" ind2="0">
    <subfield code="a">Econom&#xED;a Internacional</subfield>
  </datafield>
  <datafield tag="250" ind1=" " ind2=" ">
    <subfield code="a">6a. ed.</subfield>
  </datafield>
  <datafield tag="264" ind1=" " ind2="1">
    <subfield code="a">Madrid :</subfield>
    <subfield code="b">Aguilar</subfield>
    <subfield code="c">1967</subfield>
  </datafield>
  <datafield tag="300" ind1=" " ind2=" ">
    <subfield code="a">670 p.</subfield>
    <subfield code="c">22 cm.</subfield>
  </datafield>
  <datafield tag="505" ind1=" " ind2=" ">
    <subfield code="a">Parte I: La balanza de pagos y el mercado de divinas: 1. El estudio de la econom&#xED;a internacional - 2. La balanza de pagos - 3. El mercado de divisas - 4. Elementos del proceso de ajuste - Parte II: La cuenta de renta de la balanza de pagos. Teor&#xED;a del comercio exterior : 5. La teor&#xED;a pura del comercio internacional: La oferta - 6. La teor&#xED;a pura del comercio internacional: La demanda - 7. La base din&#xE1;mica del comercio: Variaciones en los gustos, en la tecnolog&#xED;a y en la dotaci&#xF3;n de factores - 8. Los costes de tranportes y la teor&#xED;a de la localizaci&#xF3;n - 9. El mecanismo de los precios en el comercio internacional - 10. Las variaciones de renta y el comercio internacional - 11. Interacciones de la renta y los precios - Parte III: La cuenta de renta en la balanza de pagos: pol&#xED;tica comercial : 12. Pol&#xED;tica comercial. Tarifas aduaneras - 13. Contingentes, acuerdos sobre mercanc&#xED;as, comercio de Estado y Guerra econ&#xF3;mica - 14. La discriminaci&#xF3;n de precios y los cartels - 15. Control de cambios - 16. Defensa del comercio multilateral libre - Parte IV: La cuenta de capital en la balanza de pagos: 17. Movimientos de capital a corto plazo - 18. El movimiento internacional de capital de capital a largo plazo: El proceso de tranferencia - 19. Obligaciones, pr&#xE9;stamos bancarios, pr&#xE9;stamos gubernamentales - 20. La inversi&#xF3;n directa - 21. Los aspectos internacionales del trabajo - 23. Ayuda econom&#xED;ca intergubernal - Parte VI: Desequilibrio y ajuste de la balanza de pagos : 24. Equilibrio de la balanza de pagos - 25. Perturbaciones c&#xED;cliclas de equilibrio - 26. Perturbaci&#xF3;n secular del equilibrio - 27. Desequilibrio estructural - 28. Los medios para alcanzar el equilibrio - 29. El equilibrio econ&#xF3;mico internacional y la sociedad internacional - Apendice -</subfield>
  </datafield>
  <datafield tag="041" ind1=" " ind2=" ">
    <subfield code="a">spa</subfield>
  </datafield>
  <datafield tag="942" ind1=" " ind2=" ">
    <subfield code="c">BK</subfield>
  </datafield>
  <datafield tag="590" ind1=" " ind2=" ">
    <subfield code="a">niveau_biblio:m niveau_hierar:0</subfield>
  </datafield>
  <datafield tag="100" ind1="1" ind2=" ">
    <subfield code="a">Ruiz de Cenzano y Losa, Jes&#xFA;s</subfield>
  </datafield>
  <datafield tag="700" ind1="1" ind2=" ">
    <subfield code="a">Kindleberger, Charles P.</subfield>
  </datafield>
  <datafield tag="999" ind1=" " ind2=" ">
    <subfield code="c">3530</subfield>
    <subfield code="d">3530</subfield>
  </datafield>
  <datafield tag="952" ind1=" " ind2=" ">
    <subfield code="0">0</subfield>
    <subfield code="1">0</subfield>
    <subfield code="4">0</subfield>
    <subfield code="7">0</subfield>
    <subfield code="a">BCEJYS</subfield>
    <subfield code="b">BCEJYS</subfield>
    <subfield code="c">16</subfield>
    <subfield code="d">2026-04-07</subfield>
    <subfield code="l">0</subfield>
    <subfield code="o">339.9 K51 6ed.</subfield>
    <subfield code="p">L22462</subfield>
    <subfield code="r">2026-04-07 15:57:09</subfield>
    <subfield code="w">2026-04-07</subfield>
    <subfield code="y">L</subfield>
  </datafield>
  <datafield tag="952" ind1=" " ind2=" ">
    <subfield code="0">0</subfield>
    <subfield code="1">0</subfield>
    <subfield code="4">0</subfield>
    <subfield code="7">0</subfield>
    <subfield code="a">BCEJYS</subfield>
    <subfield code="b">BCEJYS</subfield>
    <subfield code="c">16</subfield>
    <subfield code="d">2026-04-07</subfield>
    <subfield code="l">0</subfield>
    <subfield code="o">339.9 K51 6ed.</subfield>
    <subfield code="p">L22811</subfield>
    <subfield code="r">2026-04-07 15:57:09</subfield>
    <subfield code="w">2026-04-07</subfield>
    <subfield code="y">L</subfield>
  </datafield>
</record>
